Normal view
MARC view
Entry Personal Name
001 - CONTROL NUMBER
- control field: 7138
003 - CONTROL NUMBER IDENTIFIER
- control field: BD-RjUL
005 - DATE AND TIME OF LATEST TRANSACTION
- control field: 20230305161640.0
008 - FIXED-LENGTH DATA ELEMENTS
- fixed length control field: 230305|| aca||aabn | a|a d
040 ## - CATALOGING SOURCE
- Original cataloging agency: BD-RjUL
- Transcribing agency: BD-RjUL
100 ## - HEADING--PERSONAL NAME
- Personal name: Acharjya, Tapos kumar
670 ## - SOURCE DATA FOUND
- Source citation: Work cat.: (BD-RjUL)81281: Acharjya, Tapos kumar, Synthesis and characterization of Some Aroylhydrazinato Complexes of ni(ll), Cu(ll), Zn(ll) and Cd(ll) Lons /, 2015